Economics and ecosystems: efficiency, sustainability and equity in ecosystem management
Salvato in:
| Autore principale: | |
|---|---|
| Natura: | Libro |
| Lingua: | inglese |
| Pubblicazione: |
Cheltenham
Edward Elgar
2010
|
| Soggetti: | |
| Tags: |
Aggiungi Tag
Nessun Tag, puoi essere il primo ad aggiungerne!!
|
MARC
| LEADER | 00000nam a2200000 a 4500 | ||
|---|---|---|---|
| 001 | UCG5431 | ||
| 003 | CL-VaPUC | ||
| 008 | 110303e20100000uk |||||||||||||||||eng|d | ||
| 020 | |a 9781848440654 | ||
| 082 | 0 | 4 | |a 333.7 |b HEI |2 21 |
| 100 | 0 | |a Hein, Lars |e author |9 555161 | |
| 245 | 1 | 0 | |a Economics and ecosystems: efficiency, sustainability and equity in ecosystem management |
| 300 | |a 203 p | ||
| 942 | |c BK | ||
| 945 | |d 20110303 00:00:00 |a dcastane | ||
| 260 | |a Cheltenham |b Edward Elgar |c 2010 | ||
| 650 | 0 | |a Medio ambiente |9 257625 | |
| 650 | 0 | |a Economía ambiental |9 321367 | |
| 650 | 0 | |a Política ambiental |9 262970 | |
| 650 | 7 | |a CONTAMINACION |2 CL-VaPUC |9 258139 | |
| 583 | |a last modification |c 20150511 04:43:10 |k Rodrigo Vera | ||
| 999 | |c 343948 |d 343946 | ||
| 952 | |0 0 |1 0 |4 0 |6 333_700000000000000_HEI_2010 |7 0 |8 CCM |9 441665 |a BIBCUR |b BIBCUR |d 2019-11-22 |i 4752651 |o 333.7 HEI 2010 |p 4752651 |r 2025-04-22 |w 2019-11-22 |y BK |k CIM | ||